| 000 | 00807nam a22002175i 4500 | ||
|---|---|---|---|
| 001 | 171962 | ||
| 003 | ES-MaACL | ||
| 005 | 20250712081906.0 | ||
| 008 | 090609s1982 sp |||| | spa d | ||
| 080 | _a929 Azcárate, Patricio de | ||
| 100 | 1 |
_aSosa, Nicolás M. _9107437 |
|
| 245 | 1 | 0 |
_aD. Patricio de Azcárate, un leonés universal / _cNicolás M. Sosa. |
| 260 |
_aLeón : _bInstituto "Fray Bernardino de Sahagún", _c1982. |
||
| 300 |
_a141 p. ; _c21 cm. |
||
| 490 | 1 |
_aActa Salmanticensia. Serie Varia : temas científicos y literarios ; _v38 |
|
| 600 | 1 | 4 |
_aAzcárate, Patricio de, _d1800-1886 _924249 |
| 710 | 2 |
_aInstitución "Fray Bernardino de Sahagún" _94722 |
|
| 830 | 0 | 0 |
_aActa Salmanticensia _v38 _9181394 |
| 852 |
_aES-MaACL _jL-2301 _9R.103262 |
||
| 999 |
_c171962 _d171962 |
||